| 000 | 02870nam0a2200421 4500 | ||
|---|---|---|---|
| 001 | RU\NLR\BIBL_A\012192375 | ||
| 005 | 20260407114738.0 | ||
| 035 | _a(NLR Aleph) 012192375 | ||
| 090 |
_a12298744 _c12298744 |
||
| 100 | _a20200130d1898 |||y0rusy50 ca | ||
| 101 | 0 | _arus | |
| 102 | _aRU | ||
| 105 | _ay z 000zy | ||
| 181 | 0 |
_ai _baxxe |
|
| 182 | 0 | _an | |
| 200 | 1 |
_aГосподину Министру Финансов _fМ. В. Д. Виленский, Ковенский и Гродненский Генерал-Губернатор. 9 марта 1898 года. № 827. Г. Вильна |
|
| 203 |
_aТекст _bвизуальный _cнепосредственный |
||
| 210 |
_a[С.-Петербург] _cТипография П.П. Сойкина _d1898 |
||
| 215 |
_a1 с. _d34 |
||
| 300 | _aТекст начинается словами: На отношение от 12 минувшего Февраля за № 1308, имею честь уведомить Ваше Высокопревосходительство, что по рассмотрении представленных мне Виленским, Ковенским и Гродненским Губернаторами проектов местных смет земских повинностей ... | ||
| 300 | _aВ конце текста: Подписал: Генерал-Адъютант Троцкий: Скрепил: Управляющий Канцелярией Иололобов | ||
| 309 | _aБез тит. л. и обл. | ||
| 309 | _aКопия | ||
| 517 | 1 | _aНа отношение от 12 минувшего Февраля за № 1308, имею честь уведомить Ваше Высокопревосходительство, что по рассмотрении представленных мне Киленским, Ковенским и Гродненским Губернаторами проектов местных смет земских повинностей ... | |
| 606 | 1 |
_aПовинности земские _yРоссия _92458061 _3RU\NLR\AUTH\6601678358 |
|
| 686 | 3 | _aХ829(2)21 | |
| 686 | 3 | _aУ26(28)187.45 | |
| 702 | 1 |
_4720 _7ca _8rus _aТроцкий _bВ. Н. _cгос. и воен. деятель _f1835-1901 _gВиталий Николаевич _9223231 _3RU\NLR\AUTH\770223287 |
|
| 702 | 1 |
_aИололобов _4720 |
|
| 711 | 0 | 1 |
_aРоссия _bМинистерство финансов _3RU\NLR\AUTH\889947360 _9390360 |
| 711 | 0 | 1 |
_aРоссия _bМинистерство финансов _3RU\NLR\AUTH\889947360 _9390360 |
| 712 | 0 | 2 |
_4570 _aВиленский, Ковенский и Гродненский генерал-губернатор _3RU\NLR\AUTH\889985826 _9467248 |
| 852 |
_aNLR _j135/294-338(11-2) |
||
| 942 | _cBOOK | ||
| 980 | _aNB | ||